=LDR 00000nam 2200000 4500 =001 INLIS000000000000450 =005 20150316084107.0 =006 =007 =008 Ind =035 ##$$0010-061300000000450 =041 ##$$a Ind =082 ##$$a 301 =090 ##$$a 301 Mer a =100 ##$$a Merton, Robert K =245 ##$$a Analisa fungsional / Robert k. Merton; Soerjono Soekanto =260 ##$$a Jakarta $b Rajawali Pers $c 1989 =300 ##$$a viii, 52 hlm. ; 21 cm =650 ##$$a Fungsionalisme =700 ##$$a Sukanto, Sujono =850 ##$$a NBPNMAT